Jaskyniari vyťahujú z priepasti chemikálie, šrot aj kosti nebezpečné látky predstavujú pre odberateľov pitnej vody obrovské riziko

Bibliographic Details
Main Author: Krausová, Stela (Author)
Format: Article
Language:Slovak
PhysicalDescription:Fotogr.
ISSN:1335-7581
Subjects:

MARC

LEADER 00000nab a2200000 a 4500
001 vtls008302410
003 SK-MaSNL
005 20260305033907.0
008 051012c20051007xo mr| 0 0slo
038 |a RVGKPD 
040 |a RVGKPD  |b slo  |c RVGKPD  |e AACR2 
041 0 |a slo 
044 |a xo  |c SK 
080 |a 502  |2 UDC-MRF-SK2 
080 |a 551.442  |2 UDC-MRF-SK2 
100 1 |a Krausová, Stela  |4 aut  |9 268152 
245 1 0 |a Jaskyniari vyťahujú z priepasti chemikálie, šrot aj kosti  |b nebezpečné látky predstavujú pre odberateľov pitnej vody obrovské riziko  |c Stela Krausová 
300 |b Fotogr. 
650 0 7 |a priepasti  |2 rvgkpd  |9 30017 
650 0 7 |a nebezpečné látky  |2 rvgkpd  |9 67875 
651 7 |a Národný park Slovenský kras (Slovensko)  |2 rvgkpd  |9 73258 
651 7 |a Chránená krajinná oblasť Silická planina (Slovensko)  |2 rvgkpd  |9 31818 
651 7 |a Rožňava (Slovensko : okres)  |2 rvgkpd  |9 19215 
773 0 |t Korzár : Gemerský denník  |g Roč. VII, č. 232 (7.10.2005), s. 5  |x 1335-7581 
852 |a RVGKPD  |b KIS3G 
992 |a RBX 
999 |c 3326739  |d 3328669